000 00901nas a2200277 4500
001 BR2021000582
003 BR-BrBNA
005 20231205132223.0
007 ta
008 230509b bl.|||p| |||| 00| 00por d
040 _aBR-BrBNA
_bpor
_cBiblioteca Nacional de Agricultura
041 _a(Pt)
072 _aP40
100 1 _aSilva, R.A.
100 1 _aReis, E.S.
100 1 _aMaciel, G.F.
245 1 _aTendências da temperatura anual no estado do Tocantins
650 _aMUDANÇA CLIMÁTICA
650 _aTEMPERATURA
650 _aANÁLISE
773 0 _tNativa. Pesquisas Agrárias e Ambientais (Brazil)
_xISSN 2318-7670
_g(Jul-Aug 2020), v. 8(4) p. 544-551
_wBR2021000582
856 4 0 _uhttps://periodicoscientificos.ufmt.br/ojs/index.php/nativa/article/view/8523/7469
856 4 0 _dLink DSPACE/MAPA BR2021000582
909 _a202311
_bLúcia
_c55
_dLúcia Elande
942 _2AGRIS
_n0
_cANA
999 _c259134
_d259134